000 00659nam a22002057a 4500
999 _c164555
_d164555
005 20190522162658.0
010 _aENG-125265
020 _a9788186772584
_c695.00
035 _aEN-108797
037 _bDBAD/PUB
082 _a363.706
245 _aA review of environmental audit /
_ced. by Bikash Bhusan Sen, Islam Uddin Khan [and] Manish Baidya
260 _aNew Delhi
_bNew Academic Publishers
_c2013
270 _a4760-61, 23, Ansari Road, Daryaganj
_bNew Delhi
_e110002
300 _a146p.
_c23cm(Hb)
700 _aSen, Bikash Bhusan
700 _aKhan, ISlam Uddin
700 _aBaidya, Manish
942 _2ddc
_cEN
_h363.706
_mENV